| 000 | 00695nam a2200253Ia 4500 | ||
|---|---|---|---|
| 008 | 160819s9999 xx 000 0 und d | ||
| 020 | _a1-84172-813-6 | ||
| 050 | _aCUL TX 361 | ||
| 050 | _b.C5H55 2005 | ||
| 100 | _aHill, Rachel Anne . | ||
| 245 | _aReal food for kids : | ||
| 245 | _bquick recipes for healthy children / | ||
| 245 | _cRachael Anne Hill; photography by Noel Murphy. | ||
| 260 | _aLondon : | ||
| 260 | _bRyland Peters & Small, | ||
| 260 | _c2005 | ||
| 300 | _a143 pages : | ||
| 300 | _bcolor illustrations ; | ||
| 300 | _c24 cm. | ||
| 500 | _aIncludes index. | ||
| 650 | _aCooking (Natural foods). | ||
| 650 | _aCooking. | ||
| 650 | _xChildren -- Nutrition. | ||
| 999 |
_c300669 _d300669 |
||